| 000 | 00458nam a2200169Ia 4500 | ||
|---|---|---|---|
| 005 | 20250508151957.0 | ||
| 008 | 008 250505s9999 xx 000 0 eng d | ||
| 037 | _aBooks to be hide in OPAC | ||
| 040 |
_aFEDL _beng _cFEDL |
||
| 041 |
_aeng _2eng |
||
| 084 |
_a370.1, SMI/O _qFEDL |
||
| 100 |
_aSmith W O Lerter _9760516 |
||
| 245 | 0 | _aEducation an introductory | |
| 300 | _a240p. | ||
| 942 |
_cHB _h370.1, SMI/O |
||
| 999 |
_c1333326 _d1333326 |
||